01128nam a2200217 a 450000100100000000500170001000800410002702000150006804000250008311101270010824502030023526000740043830000170051249000420052950000320057150000730060371000620067683000490073895201060078799900170089300003748420200930080406.0120420s1983 000 spa d a8400054911 aDO-SdBNPbspaBBNPHU1 aCongreso Internacional sobre Calderoón y el Teatro Español del Siglo de Orod(1981 : 8-13 juniocMadrid, Spain)96392510aCalderón :bactas del Congreso Internacional sobre Calderón y el Teatro Españool del Siglo de Oro : Madrid, 8-13 de junio de 1981 /cpublicadas bajo la dirección de Luciano García Lorenzo. aMadrid :bConsejo Superior de Investivagación Científicas,c1983. av. ;c25 cm.1 aAnejos de la revista "Seguismundo"v6 aLa biblioteca posee el v. 1 aIncluye referencias bibliográficas y notas al pie de las páginas2 aConsejo Superior de Investivagación Científica963926 0aAnejos de la revista "Seguismundo"v6963927 0010507-18MOaGRbGRcOId2012-04-20iLF1l0o p37484-10r2020-06-25w2020-06-25y1ZNo se presta c36974d36974